[Event "AUT-chT2O 1011"]
[Site "Austria"]
[Date "2010.10.02"]
[Round "1.5"]
[White "Lovrinovic, Christian"]
[Black "Hadjieff, Dieter"]
[Result "0-1"]
[WhiteElo "2193"]
[BlackElo "2175"]
[PlyCount "111"]
[EventDate "2010.10.02"]
[EventType "team-tourn"]
[EventRounds "11"]
[EventCountry "AUT"]
[SourceTitle "CBM 138 Extra"]
[Source "ChessBase"]
[SourceDate "2010.10.29"]
[SourceVersion "1"]
[SourceVersionDate "2010.10.29"]
[SourceQuality "1"]
[WhiteTeam "Waehring"]
[BlackTeam "Wieden"]
[WhiteTeamCountry "AUT"]
[BlackTeamCountry "AUT"]

1. d4 Nf6 2. c4 e6 3. Nc3 Bb4 4. Nf3 Bxc3+ 5. bxc3 d6 6. g3 b6 7. Qa4+ Qd7 8. Qb3 Nc6 9. Bg2 Bb7 10. c5 0-0 11. cxd6 cxd6 12. 0-0 Rac8 13. Bd2 Na5 14. Qc2 Be4 15. Qd1 h6 16. Rc1 Rc7 17. Ne1 Bxg2 18. Nxg2 Rfc8 19. f4 Ne4 20. Rf3 Nc4 21. Be1 d5 22. Rb1 b5 23. Rd3 a6 24. Nh4 Nb6 25. Rb3 Na4 26. Qa1 f6 27. Nf3 Qf7 28. Kg2 Kh8 29. Ra3 Qg6 30. Re3 Qf7 31. Rd3 Nd6 32. Rb3 Nc4 33. Rb4 Qg6 34. Nd2 Nd6 35. Rb3 Qf5 36. Ra3 Nc4 37. Rb3 Nxd2 38. Bxd2 Qh5 39. Re3 Rc6 40. Qe1 Nb6 41. Rd3 Qg6 42. Qf2 Qe4+ 43. Qf3 Kg8 44. Be1 Kf7 45. Kf2 Qxf3+ 46. exf3 Rc4 47. Ra3 Ra4 48. Rxa4 Nxa4 49. Ke2 f5 50. h3 h5 51. Kf2 Rc4 52. Re3 Nb2 53. g4 Nd1+ 54. Ke2 Nxe3 55. Kxe3 g6 56. Kf2 0-1

[Event "AUT-chT2O 0910"]
[Site "Austria"]
[Date "2010.03.28"]
[Round "9.5"]
[White "Hadjieff, Dieter"]
[Black "Rusek, Walter"]
[Result "1/2-1/2"]
[WhiteElo "2209"]
[BlackElo "1849"]
[PlyCount "70"]
[EventDate "2009.10.17"]
[EventType "team-tourn"]
[EventRounds "11"]
[EventCountry "AUT"]
[SourceTitle "EXT 2011"]
[Source "ChessBase"]
[SourceDate "2010.11.26"]
[SourceVersion "1"]
[SourceVersionDate "2010.11.26"]
[SourceQuality "1"]
[WhiteTeam "Wieden"]
[BlackTeam "Pamhagen"]
[WhiteTeamCountry "AUT"]
[BlackTeamCountry "AUT"]

1. Nf3 d5 2. e3 Bf5 3. c4 c6 4. Nc3 e6 5. Qb3 Qc7 6. d4 Be7 7. Bd2 Nd7 8. Rc1 Qb6 9. Qxb6 axb6 10. Be2 h6 11. 0-0 Ngf6 12. a3 0-0 13. Rfd1 Ne4 14. Nxe4 Bxe4 15. Be1 Nf6 16. Ne5 Rfd8 17. f3 Bh7 18. Nd3 dxc4 19. Rxc4 Nd5 20. Bf2 Bg5 21. f4 Be7 22. Bf3 b5 23. Rcc1 Bxd3 24. Rxd3 f5 25. Be1 Ra4 26. Bd2 Raa8 27. Kh1 Bd6 28. Rg1 Nf6 29. h3 h5 30. Be1 Kf7 31. Rb3 Rh8 32. g3 g6 33. Bd2 Ng4 34. Kg2 Nf6 35. Be1 Ra4 1/2-1/2

[Event "AUT-chT2O 0910"]
[Site "Austria"]
[Date "2010.01.31"]
[Round "6.6"]
[White "Hadjieff, Dieter"]
[Black "Salamon, Werner"]
[Result "1/2-1/2"]
[WhiteElo "2209"]
[BlackElo "2130"]
[PlyCount "58"]
[EventDate "2009.10.17"]
[EventType "team-tourn"]
[EventRounds "11"]
[EventCountry "AUT"]
[SourceTitle "EXT 2011"]
[Source "ChessBase"]
[SourceDate "2010.11.26"]
[SourceVersion "1"]
[SourceVersionDate "2010.11.26"]
[SourceQuality "1"]
[WhiteTeam "Wieden"]
[BlackTeam "Mattersburg"]
[WhiteTeamCountry "AUT"]
[BlackTeamCountry "AUT"]

1. e4 e5 2. Nf3 Nc6 3. Bb5 d6 4. d4 Bd7 5. Nc3 Nf6 6. 0-0 Be7 7. Re1 exd4 8. Nxd4 0-0 9. Bg5 Nxd4 10. Qxd4 h6 11. Bh4 Re8 12. Rad1 Bxb5 13. Nxb5 Nd7 14. Bxe7 Rxe7 15. Qc3 Nb6 16. Nd4 g6 17. Rd3 Qf8 18. b3 Rae8 19. Rde3 Kh7 20. a4 Qg7 21. Qd2 Nd7 22. Nb5 Nc5 23. Nc3 Re6 24. f3 c6 25. Ne2 Qf6 26. Nc3 Qf4 27. Ne2 Qf6 28. Nc3 Qf4 29. Ne2 Qf6 1/2-1/2

[Event "AUT-chT2O 0910"]
[Site "Austria"]
[Date "2009.11.14"]
[Round "3.5"]
[White "Vykydal, Frantisek"]
[Black "Hadjieff, Dieter"]
[Result "1-0"]
[WhiteElo "2218"]
[BlackElo "2209"]
[PlyCount "79"]
[EventDate "2009.10.17"]
[EventType "team-tourn"]
[EventRounds "11"]
[EventCountry "AUT"]
[SourceTitle "EXT 2010"]
[Source "ChessBase"]
[SourceDate "2010.11.25"]
[SourceVersion "1"]
[SourceVersionDate "2010.11.25"]
[SourceQuality "1"]
[WhiteTeam "Zwettl"]
[BlackTeam "Wieden"]
[WhiteTeamCountry "AUT"]
[BlackTeamCountry "AUT"]

1. e4 c5 2. Nc3 e6 3. d3 Nc6 4. g3 g6 5. Bg2 Bg7 6. Be3 Nd4 7. Qd2 Ne7 8. Nd1 b6 9. c3 Ndc6 10. Bh6 0-0 11. h4 f6 12. Bxg7 Kxg7 13. Ne2 d5 14. exd5 Nxd5 15. Ne3 Qd6 16. Nxd5 exd5 17. 0-0 Be6 18. d4 Rad8 19. Rfe1 Bf7 20. Rad1 Rfe8 21. a3 a5 22. Nf4 c4 23. Rxe8 Rxe8 24. Bf3 b5 25. Ng2 Ne7 26. Ne3 Be6 27. Re1 Qd7 28. Qe2 Bf7 29. Qf1 Nc8 30. Qg2 Nb6 31. h5 Kf8 32. Qh2 Kg7 33. Kg2 Bg8 34. hxg6 hxg6 35. Rh1 Kf8 36. Qh6+ Qg7 37. Qf4 Qe7 38. Rh6 Kg7 39. Qh4 b4 40. Rh8 1-0

[Event "AUT-chT2O 0910"]
[Site "Austria"]
[Date "2009.10.18"]
[Round "2.5"]
[White "Hadjieff, Dieter"]
[Black "Hechl, Gerald"]
[Result "1/2-1/2"]
[WhiteElo "2209"]
[BlackElo "2244"]
[PlyCount "28"]
[EventDate "2009.10.17"]
[EventType "team-tourn"]
[EventRounds "11"]
[EventCountry "AUT"]
[SourceTitle "EXT 2010"]
[Source "ChessBase"]
[SourceDate "2010.11.25"]
[SourceVersion "1"]
[SourceVersionDate "2010.11.25"]
[SourceQuality "1"]
[WhiteTeam "Wieden"]
[BlackTeam "Eichgraben"]
[WhiteTeamCountry "AUT"]
[BlackTeamCountry "AUT"]

1. e4 e5 2. Nf3 Nc6 3. Bb5 a6 4. Ba4 Nf6 5. 0-0 Be7 6. Re1 b5 7. Bb3 0-0 8. c3 d6 9. h3 Re8 10. Ng5 Rf8 11. Nf3 Re8 12. Ng5 Rf8 13. Nf3 Re8 14. Ng5 Rf8 1/2-1/2

[Event "AUT-chT2O 0910"]
[Site "Austria"]
[Date "2009.10.17"]
[Round "1.5"]
[White "Wiedner, Robert"]
[Black "Hadjieff, Dieter"]
[Result "1-0"]
[WhiteElo "2199"]
[BlackElo "2209"]
[PlyCount "70"]
[EventDate "2009.10.17"]
[EventType "team-tourn"]
[EventRounds "11"]
[EventCountry "AUT"]
[SourceTitle "EXT 2010"]
[Source "ChessBase"]
[SourceDate "2010.11.25"]
[SourceVersion "1"]
[SourceVersionDate "2010.11.25"]
[SourceQuality "1"]
[WhiteTeam "Wiener Neustadt"]
[BlackTeam "Wieden"]
[WhiteTeamCountry "AUT"]
[BlackTeamCountry "AUT"]

1. e4 c5 2. Nf3 e6 3. d4 cxd4 4. Nxd4 a6 5. c4 Nf6 6. Bd3 Nc6 7. Nc2 Qc7 8. 0-0 Ne5 9. Ne3 d6 10. Nc3 Be7 11. b3 0-0 12. Bb2 b6 13. Rc1 Bb7 14. Bb1 Rac8 15. Qd4 Rfe8 16. Rfd1 Bf8 17. Ba3 Nc6 18. Qd2 Rcd8 19. Ncd5 exd5 20. cxd5 Qd7 21. dxc6 Bxc6 22. f3 d5 23. Bxf8 Rxf8 24. e5 d4 25. exf6 dxe3 26. Qc2 Be4 27. Rxd7 Bxc2 28. Rxd8 Rxd8 29. Bxc2 gxf6 30. Rd1 Rc8 31. Bd3 Kg7 32. Kf1 Rc5 33. Ke2 Re5 34. f4 Re7 35. Rc1 Re8 1-0

[Event "AUT-chT2O 0203"]
[Site "Austria"]
[Date "2002.11.24"]
[Round "5.3"]
[White "Hangweyrer, Manfred"]
[Black "Hadjieff, Dieter"]
[Result "1-0"]
[WhiteElo "2315"]
[BlackElo "2271"]
[PlyCount "75"]
[EventDate "2002.10.25"]
[EventType "team-tourn"]
[EventRounds "11"]
[EventCountry "AUT"]
[SourceTitle "EXT 2020"]
[Source "ChessBase"]
[SourceDate "2019.10.17"]
[SourceVersion "1"]
[SourceVersionDate "2019.10.17"]
[SourceQuality "1"]
[WhiteTeam "Stockerau"]
[BlackTeam "Gols Raiba"]
[WhiteTeamCountry "AUT"]
[BlackTeamCountry "AUT"]

1. Nf3 c5 2. c4 b6 3. Nc3 Bb7 4. e3 Nf6 5. d4 cxd4 6. exd4 e6 7. Bd3 d6 8. 0-0 Be7 9. Bf4 0-0 10. Re1 a6 11. b4 Nbd7 12. a3 Re8 13. h3 Bf8 14. Rc1 Ra7 15. Bc2 Qa8 16. d5 e5 17. Be3 Rc8 18. Bb3 Qb8 19. Nd2 Ba8 20. a4 Rac7 21. b5 Nxd5 22. cxd5 Rxc3 23. Rxc3 Rxc3 24. bxa6 Qc8 25. Ne4 Rc7 26. Qd3 h6 27. g4 Nc5 28. Bxc5 bxc5 29. Bc4 f5 30. gxf5 Qxf5 31. Rb1 Rc8 32. Rb6 Qd7 33. Qg3 Be7 34. Qg4 Qd8 35. Qe6+ Kh8 36. a7 Qxb6 37. Qxc8+ Kh7 38. Bd3 1-0

[Event "AUT-chT2O 0102"]
[Site "Austria"]
[Date "2002.03.10"]
[Round "11.3"]
[White "Hadjieff, Dieter"]
[Black "Wadsack, Wolfgang"]
[Result "1-0"]
[WhiteElo "2274"]
[BlackElo "2167"]
[PlyCount "99"]
[EventDate "2001.11.??"]
[EventType "team"]
[EventRounds "11"]
[EventCountry "AUT"]
[SourceTitle "EXT 2003"]
[Source "ChessBase"]
[SourceDate "2002.11.25"]
[SourceVersion "1"]
[SourceVersionDate "2002.11.25"]
[SourceQuality "1"]

1. Nf3 d5 2. e3 Nf6 3. b3 c5 4. Bb2 Nc6 5. Bb5 e6 6. Ne5 Qc7 7. f4 a6 8. Bxc6+ bxc6 9. Nc3 Bd6 10. Na4 Bb7 11. c4 Rd8 12. Ng4 Be7 13. Nxf6+ gxf6 14. 0-0 Rg8 15. Qc2 Rg7 16. Rac1 Qd6 17. Rf2 Rg6 18. Ba3 dxc4 19. Qxc4 Qd5 20. Bxc5 Qxc4 21. Rxc4 Rd5 22. Bxe7 Kxe7 23. Nc5 Bc8 24. d4 e5 25. Nd3 exd4 26. exd4 Bd7 27. Nb4 Rd6 28. Re2+ Kd8 29. Nxa6 Be6 30. Rb4 Rg4 31. g3 h5 32. Nc5 Bc8 33. Kf2 h4 34. Re1 Rg8 35. a4 f5 36. a5 Rh6 37. a6 hxg3+ 38. hxg3 Rh2+ 39. Kf3 Ra2 40. Ra4 Rxa4 41. bxa4 Kc7 42. Rb1 Be6 43. a7 Ra8 44. Rb7+ Kd6 45. Ke3 f6 46. Kd2 Kd5 47. Kc3 Kd6 48. Kb4 Kd5 49. Nxe6 Kxe6 50. Ka5 1-0

[Event "AUT-chT 9798"]
[Site "Austria"]
[Date "1998.01.25"]
[Round "8"]
[White "Wittmann, Walter"]
[Black "Hadjieff, Dieter"]
[Result "1/2-1/2"]
[WhiteElo "2375"]
[BlackElo "2215"]
[PlyCount "32"]
[EventDate "1997.10.12"]
[EventType "team-tourn"]
[EventRounds "11"]
[EventCountry "AUT"]
[SourceTitle "CBM 063 ext"]
[Source "ChessBase"]
[SourceDate "1998.04.29"]
[SourceVersion "1"]
[SourceVersionDate "1998.04.29"]
[SourceQuality "1"]
[WhiteTeam "Graz Merkur Versicherung"]
[BlackTeam "Ottakring"]
[WhiteTeamCountry "AUT"]
[BlackTeamCountry "AUT"]

1. e4 e5 2. Nf3 Nc6 3. Bb5 a6 4. Bxc6 dxc6 5. 0-0 f6 6. d4 exd4 7. Nxd4 c5 8. Ne2 Qxd1 9. Rxd1 Bd7 10. Bf4 0-0-0 11. Nbc3 Ne7 12. Bg3 g5 13. f4 h6 14. f5 Re8 15. Bf2 b6 16. a4 Nc6 1/2-1/2

[Event "Vienna op 13th"]
[Site "Vienna"]
[Date "1998.??.??"]
[Round "?"]
[White "Hadjieff, Dieter"]
[Black "Dueckstein, Andreas"]
[Result "1-0"]
[WhiteElo "2215"]
[BlackElo "2360"]
[PlyCount "87"]
[EventDate "1998.10.25"]
[EventType "swiss"]
[EventRounds "9"]
[EventCountry "AUT"]
[SourceTitle "EXT 2000"]
[Source "ChessBase"]
[SourceDate "1999.11.16"]
[SourceVersion "1"]
[SourceVersionDate "1999.11.16"]
[SourceQuality "1"]

1. Nf3 Nc6 2. d4 d5 3. e3 Bg4 4. Be2 e6 5. 0-0 Nf6 6. b3 Ne4 7. Nfd2 Bxe2 8. Qxe2 Nf6 9. Bb2 Be7 10. c4 0-0 11. Nc3 Re8 12. Rfd1 Bf8 13. Nf3 Ne7 14. Ne5 c6 15. e4 Qc7 16. Rd3 dxe4 17. Nxe4 Nxe4 18. Qxe4 f6 19. Rh3 Nf5 20. Nd3 g6 21. Nf4 Qf7 22. Re1 Ng7 23. Rhe3 Rad8 24. Qf3 Bd6 25. Nd3 Bc7 26. Re4 Bb6 27. Rd1 Nf5 28. Nf4 Bc7 29. Nd3 g5 30. Qe2 Bb6 31. Nb4 c5 32. dxc5 Rxd1+ 33. Qxd1 Bxc5 34. Nd3 Rd8 35. Qe2 Bf8 36. Rxe6 Rxd3 37. h4 Rd6 38. Re8 Nd4 39. Qe3 Ne6 40. Ra8 Qc7 41. Qf3 Nd4 42. Bxd4 Rxd4 43. Rxf8+ Kxf8 44. Qxf6+ 1-0

[Event "Vienna op 13th"]
[Site "Vienna"]
[Date "1998.??.??"]
[Round "?"]
[White "Herndl, Harald"]
[Black "Hadjieff, Dieter"]
[Result "0-1"]
[WhiteElo "2370"]
[BlackElo "2215"]
[PlyCount "60"]
[EventDate "1998.10.25"]
[EventType "swiss"]
[EventRounds "9"]
[EventCountry "AUT"]
[SourceTitle "EXT 2000"]
[Source "ChessBase"]
[SourceDate "1999.11.16"]
[SourceVersion "1"]
[SourceVersionDate "1999.11.16"]
[SourceQuality "1"]

1. d4 c6 2. c4 d6 3. Nc3 Nd7 4. Nf3 e5 5. e4 Ne7 6. Be2 Ng6 7. 0-0 Be7 8. Be3 0-0 9. Qd2 h6 10. b4 Nf6 11. h3 Nh7 12. d5 Ng5 13. Rfd1 Nxf3+ 14. Bxf3 Nh4 15. Bg4 f5 16. Bxf5 Nxf5 17. exf5 Bxf5 18. f3 Qe8 19. c5 Rd8 20. cxd6 Bxd6 21. a3 Bb8 22. Qa2 Kh7 23. Bc5 Rg8 24. dxc6 Qxc6 25. Nd5 Qe6 26. Rd2 e4 27. f4 Qf7 28. Rad1 Be6 29. Qc2 Rxd5 30. Qxe4+ Qf5 0-1

[Event "Vienna op 13th"]
[Site "Vienna"]
[Date "1998.??.??"]
[Round "?"]
[White "Zude, Arno"]
[Black "Hadjieff, Dieter"]
[Result "1-0"]
[WhiteElo "2390"]
[BlackElo "2215"]
[PlyCount "67"]
[EventDate "1998.10.25"]
[EventType "swiss"]
[EventRounds "9"]
[EventCountry "AUT"]
[SourceTitle "EXT 2000"]
[Source "ChessBase"]
[SourceDate "1999.11.16"]
[SourceVersion "1"]
[SourceVersionDate "1999.11.16"]
[SourceQuality "1"]

1. e4 d5 2. d4 dxe4 3. Nc3 Nf6 4. f3 c6 5. fxe4 e5 6. dxe5 Qxd1+ 7. Nxd1 Nxe4 8. Nf3 Be6 9. Bd3 Nc5 10. Be2 Nba6 11. c3 0-0-0 12. Nf2 Bf5 13. Nd4 Bg6 14. b4 Na4 15. Nxc6 bxc6 16. Bxa6+ Kc7 17. Bd2 Rd5 18. 0-0-0 Be7 19. h4 h6 20. Bc4 Rdd8 21. h5 Nb6 22. Bb3 Bh7 23. Bxf7 Rhf8 24. e6 c5 25. Bf4+ Kb7 26. Rxd8 Rxd8 27. Rd1 Nd5 28. Be5 cxb4 29. c4 b3 30. Rxd5 Ba3+ 31. Kd2 Rxd5+ 32. cxd5 bxa2 33. Bg6 Bg8 34. Kc2 1-0

[Event "AUT-chT 9798"]
[Site "Austria"]
[Date "1997.11.09"]
[Round "5"]
[White "Fischler, Wolfgang"]
[Black "Hadjieff, Dieter"]
[Result "0-1"]
[WhiteElo "2370"]
[BlackElo "2215"]
[PlyCount "86"]
[EventDate "1997.10.12"]
[EventType "team-tourn"]
[EventRounds "11"]
[EventCountry "AUT"]
[SourceTitle "CBM 063 ext"]
[Source "ChessBase"]
[SourceDate "1998.04.29"]
[SourceVersion "1"]
[SourceVersionDate "1998.04.29"]
[SourceQuality "1"]
[WhiteTeam "Absam"]
[BlackTeam "Ottakring"]
[WhiteTeamCountry "AUT"]
[BlackTeamCountry "AUT"]

1. e4 e5 2. Nf3 Nc6 3. Bb5 Nf6 4. 0-0 d6 5. Re1 Be7 6. c3 0-0 7. h3 Nb8 8. d4 c6 9. Bd3 Nbd7 10. Nbd2 Re8 11. a4 Bf8 12. Nc4 d5 13. Ncd2 exd4 14. cxd4 dxe4 15. Nxe4 Nxe4 16. Bxe4 h6 17. Bc2 Rxe1+ 18. Qxe1 Nf6 19. Be3 Qb6 20. Qd2 Qb4 21. Qxb4 Bxb4 22. Bb3 Nd5 23. Bxd5 cxd5 24. Rc1 Bd7 25. Ne5 Bxa4 26. Rc7 Rb8 27. Rxf7 Bd6 28. Rf3 Rc8 29. b3 Bxb3 30. Bxh6 Bc2 31. Rg3 Rc7 32. Bf4 b5 33. Nd3 Bxf4 34. Nxf4 b4 35. Nxd5 Rc4 36. Ne3 Rc8 37. Nxc2 Rxc2 38. Rg5 a6 39. Rg6 b3 40. Rb6 b2 41. Kh2 a5 42. d5 a4 43. d6 a3 0-1

[Event "AUT-chT 9798"]
[Site "Austria"]
[Date "1997.11.08"]
[Round "4"]
[White "Hadjieff, Dieter"]
[Black "Wiedner, Robert"]
[Result "1-0"]
[WhiteElo "2215"]
[BlackElo "2230"]
[PlyCount "87"]
[EventDate "1997.10.12"]
[EventType "team-tourn"]
[EventRounds "11"]
[EventCountry "AUT"]
[SourceTitle "CBM 063 ext"]
[Source "ChessBase"]
[SourceDate "1998.04.29"]
[SourceVersion "1"]
[SourceVersionDate "1998.04.29"]
[SourceQuality "1"]
[WhiteTeam "Ottakring"]
[BlackTeam "Wiener Neustadt"]
[WhiteTeamCountry "AUT"]
[BlackTeamCountry "AUT"]

1. Nf3 b6 2. e4 e6 3. d3 Nf6 4. g3 d5 5. e5 Nfd7 6. Bg2 Be7 7. h4 h6 8. Bf4 Na6 9. a3 Bb7 10. Nbd2 c6 11. Qe2 Nc7 12. Nf1 a5 13. b3 Nb5 14. Bc1 Qc7 15. c4 Na7 16. Bf4 b5 17. N1d2 Ba6 18. h5 bxc4 19. bxc4 Rb8 20. 0-0 Rb2 21. Rfc1 Qb8 22. Nh2 Nc5 23. Qe3 Nb3 24. Nxb3 Rxb3 25. cxd5 cxd5 26. Qe1 Bxd3 27. Qxa5 0-0 28. Ng4 Nb5 29. Qd2 Nd4 30. Kh1 Ne2 31. Bxh6 Nxc1 32. Bxg7 f6 33. Bxf6 Bxf6 34. exf6 Kf7 35. Qg5 Ke8 36. Rxc1 Rb1 37. Rxb1 Qxb1+ 38. Kh2 Qb2 39. Qe3 Qe2 40. Qc5 Rxf6 41. Nxf6+ Kf7 42. Nd7 Qxh5+ 43. Bh3 Qh8 44. Qf8+ 1-0

[Event "AUT-chT 9798"]
[Site "Austria"]
[Date "1997.11.07"]
[Round "3"]
[White "Kotz, Heinz Peter"]
[Black "Hadjieff, Dieter"]
[Result "1-0"]
[WhiteElo "2275"]
[BlackElo "2215"]
[PlyCount "89"]
[EventDate "1997.10.12"]
[EventType "team-tourn"]
[EventRounds "11"]
[EventCountry "AUT"]
[SourceTitle "CBM 063 ext"]
[Source "ChessBase"]
[SourceDate "1998.04.29"]
[SourceVersion "1"]
[SourceVersionDate "1998.04.29"]
[SourceQuality "1"]
[WhiteTeam "Gleisdorf"]
[BlackTeam "Ottakring"]
[WhiteTeamCountry "AUT"]
[BlackTeamCountry "AUT"]

1. e4 d5 2. exd5 Qxd5 3. Nc3 Qa5 4. d4 Nf6 5. Nf3 Nc6 6. Bb5 Bd7 7. 0-0 0-0-0 8. h3 a6 9. Bc4 Be8 10. Ne2 e5 11. c3 e4 12. b4 Qb6 13. Nd2 Bd6 14. Qc2 Ne7 15. Nxe4 Nxe4 16. Qxe4 Bc6 17. Qd3 f5 18. Nf4 Be4 19. Qe2 Rhe8 20. Re1 g5 21. Nh5 h6 22. Ng7 Rf8 23. Ne6 Rf6 24. Nc5 Bc6 25. d5 Bb5 26. Be3 Nxd5 27. Nd7 Qc6 28. Bxb5 axb5 29. Nxf6 Nxf6 30. Bd4 Re8 31. Qd3 Ne4 32. a4 bxa4 33. b5 Qd5 34. Rxa4 Kd7 35. Raa1 Rg8 36. c4 Qf7 37. c5 Bf4 38. Be5+ Ke7 39. Bxf4 gxf4 40. f3 Qg7 41. Ra2 Qg3 42. Qf1 b6 43. fxe4 Kf6 44. e5+ Kg5 45. Rf2 1-0

[Event "AUT-chT 9798"]
[Site "Austria"]
[Date "1997.10.13"]
[Round "2"]
[White "Hadjieff, Dieter"]
[Black "Klug, Robert"]
[Result "1-0"]
[WhiteElo "2215"]
[BlackElo "2165"]
[PlyCount "176"]
[EventDate "1997.10.12"]
[EventType "team-tourn"]
[EventRounds "11"]
[EventCountry "AUT"]
[SourceTitle "CBM 063 ext"]
[Source "ChessBase"]
[SourceDate "1998.04.29"]
[SourceVersion "1"]
[SourceVersionDate "1998.04.29"]
[SourceQuality "1"]
[WhiteTeam "Ottakring"]
[BlackTeam "Traun"]
[WhiteTeamCountry "AUT"]
[BlackTeamCountry "AUT"]

1. Nf3 Nf6 2. c3 d6 3. e4 Nbd7 4. Bd3 e5 5. Bc2 Be7 6. d4 0-0 7. 0-0 c6 8. Nbd2 Qc7 9. Re1 Re8 10. Nc4 Bf8 11. a4 a5 12. h3 h6 13. b3 g6 14. Be3 b5 15. Nb2 Bb7 16. Nh2 Bg7 17. dxe5 dxe5 18. Qd2 Kh7 19. Rad1 Bf8 20. Ng4 h5 21. Nxf6+ Nxf6 22. Qe2 Ba6 23. Qf3 Kg7 24. Bd3 Rad8 25. Qe2 Qb7 26. f3 Ba3 27. Rd2 Rd7 28. axb5 cxb5 29. Ra1 Bxb2 30. Rxb2 Red8 31. Bc2 Qc7 32. Qe1 Bb7 33. Rba2 Ra8 34. Rd1 Bc6 35. Rxd7 Qxd7 36. Ra1 a4 37. bxa4 bxa4 38. Qg3 Qe7 39. Qf2 Nd7 40. Bc1 a3 41. Bb3 Qd6 42. Qd2 Qxd2 43. Bxd2 Nc5 44. Bc2 Bb5 45. Bc1 a2 46. Be3 Nd3 47. Bb3 Ra3 48. Bd5 Rxc3 49. Bd2 Ra3 50. Rxa2 Rxa2 51. Bxa2 Nf4 52. g3 Ne6 53. Bc3 Nd4 54. Kf2 Nc6 55. Ke3 f6 56. Bd5 Ne7 57. Bb7 Kf7 58. h4 Ke6 59. Bb4 Nc6 60. Bc8+ Kf7 61. Bc5 Ne7 62. Bh3 g5 63. hxg5 fxg5 64. Bd6 Kf6 65. Bb4 Ng6 66. Ba5 Ne7 67. Bc7 Be8 68. Bd8 Bf7 69. f4 gxf4+ 70. gxf4 exf4+ 71. Kxf4 Be6 72. Bf1 Kf7 73. Kg5 Bg4 74. Bb5 Nc8 75. Bc4+ Be6 76. Be2 Bg4 77. Bc4+ Be6 78. Bd3 Bg4 79. e5 Ne7 80. Bc7 Nd5 81. Bd6 Ke6 82. Bc4 Bf3 83. Ba6 Nb6 84. Bd3 Bg4 85. Bh7 Kf7 86. Bc5 Nd7 87. Bd6 Nf8 88. Bd3 Ne6+ 1-0

[Event "AUT-chT 9697"]
[Site "Austria"]
[Date "1997.??.??"]
[Round "10"]
[White "Hadjieff, Dieter"]
[Black "Baumegger, Siegfried"]
[Result "0-1"]
[WhiteElo "2235"]
[BlackElo "2310"]
[PlyCount "84"]
[EventDate "1996.??.??"]
[EventType "team"]
[EventRounds "11"]
[EventCountry "AUT"]
[SourceTitle "CBM 057 Extra"]
[Source "ChessBase"]
[SourceDate "1997.05.01"]
[SourceVersion "1"]
[SourceVersionDate "1997.05.01"]
[SourceQuality "1"]

1. e4 c5 2. Nf3 Nc6 3. d3 g6 4. c3 Nf6 5. Nbd2 Bg7 6. Be2 0-0 7. 0-0 d6 8. a3 Ne8 9. Re1 Rb8 10. Nf1 b5 11. d4 cxd4 12. cxd4 Bg4 13. Be3 a6 14. Rc1 Rc8 15. h3 Bxf3 16. Bxf3 Nxd4 17. Rxc8 Nxf3+ 18. Qxf3 Qxc8 19. Rc1 Qb7 20. Rc2 Nf6 21. Ng3 Nd7 22. Qd1 Ne5 23. b3 Rc8 24. Qd5 Qd7 25. Rxc8+ Qxc8 26. f4 Nd7 27. a4 Nf6 28. Qd3 Qc6 29. axb5 axb5 30. Bd4 Qc1+ 31. Nf1 Qxf4 32. Qxb5 e5 33. Qb8+ Bf8 34. Be3 Qxe4 35. b4 d5 36. b5 d4 37. Bh6 Nd7 38. Qc8 Qb1 39. Qxd7 Bxh6 40. Qe8+ Bf8 41. Qxe5 d3 42. Qd5 d2 0-1

[Event "AUT-chT 9697"]
[Site "Austria"]
[Date "1997.??.??"]
[Round "8"]
[White "Hadjieff, Dieter"]
[Black "Penz, Harald"]
[Result "1-0"]
[WhiteElo "2235"]
[BlackElo "2385"]
[PlyCount "81"]
[EventDate "1996.??.??"]
[EventType "team"]
[EventRounds "11"]
[EventCountry "AUT"]
[SourceTitle "CBM 057 Extra"]
[Source "ChessBase"]
[SourceDate "1997.05.01"]
[SourceVersion "1"]
[SourceVersionDate "1997.05.01"]
[SourceQuality "1"]

1. Nf3 Nf6 2. e3 c5 3. d4 e6 4. Nbd2 cxd4 5. exd4 d5 6. Bd3 Nc6 7. c3 Be7 8. 0-0 0-0 9. Re1 a6 10. Ne5 Nxe5 11. dxe5 Nd7 12. Nf3 f6 13. exf6 Nxf6 14. Be3 Qe8 15. Bd4 Qh5 16. Re5 Qe8 17. Qc2 Bd6 18. Rg5 h6 19. Bg6 Qe7 20. Re5 Bxe5 21. Nxe5 Bd7 22. Re1 Be8 23. f3 Nd7 24. Bh7+ Kh8 25. Bd3 Nxe5 26. Rxe5 Bf7 27. Qd2 Kg8 28. Bc2 Rfc8 29. Qd3 Kf8 30. f4 g6 31. Qh3 h5 32. Qg3 Qe8 33. Qg5 Qd8 34. Qh6+ Ke7 35. f5 gxf5 36. Bxf5 Qg8 37. Re3 Kd7 38. Bh3 Rc6 39. Qf4 Bg6 40. Qe5 Be4 41. Rg3 1-0

[Event "AUT-chT 9697"]
[Site "Austria"]
[Date "1996.??.??"]
[Round "6"]
[White "Hadjieff, Dieter"]
[Black "Watzka, Horst"]
[Result "0-1"]
[WhiteElo "2235"]
[BlackElo "2345"]
[PlyCount "78"]
[EventDate "1996.??.??"]
[EventType "team"]
[EventRounds "11"]
[EventCountry "AUT"]
[SourceTitle "CBM 057 Extra"]
[Source "ChessBase"]
[SourceDate "1997.05.01"]
[SourceVersion "1"]
[SourceVersionDate "1997.05.01"]
[SourceQuality "1"]

1. Nf3 Nf6 2. d3 d5 3. Nbd2 c5 4. e4 Nc6 5. g3 g6 6. Bg2 Bg7 7. 0-0 0-0 8. c3 e5 9. exd5 Nxd5 10. Qb3 Nc7 11. Ne4 Ne6 12. Be3 b6 13. Rad1 h6 14. Nh4 Rb8 15. Qc2 Ne7 16. Qa4 Qc7 17. d4 b5 18. Qb3 cxd4 19. cxd4 exd4 20. Rc1 Qb6 21. Bd2 a5 22. f4 Nd8 23. f5 Nxf5 24. Nxf5 Bxf5 25. Bf4 Rc8 26. Rxc8 Bxc8 27. Bd6 Be6 28. Qd1 Nb7 29. Bxf8 Kxf8 30. Nf6 Nd6 31. Qf3 Qd8 32. Ng4 Nf5 33. Rd1 h5 34. Nf2 Bh6 35. Qc6 Be3 36. Qxb5 Kg8 37. Be4 Nd6 38. Qd3 Qf6 39. Rd2 Nxe4 0-1

[Event "AUT-chT 9697"]
[Site "Austria"]
[Date "1996.??.??"]
[Round "1"]
[White "Spindelboeck, Gernot"]
[Black "Hadjieff, Dieter"]
[Result "0-1"]
[WhiteElo "2260"]
[BlackElo "2325"]
[PlyCount "66"]
[EventDate "1996.??.??"]
[EventType "team"]
[EventRounds "11"]
[EventCountry "AUT"]
[SourceTitle "CBM 057 Extra"]
[Source "ChessBase"]
[SourceDate "1997.05.01"]
[SourceVersion "1"]
[SourceVersionDate "1997.05.01"]
[SourceQuality "1"]

1. Nf3 g6 2. e4 Bg7 3. d4 c6 4. Nbd2 d6 5. Bd3 Nh6 6. 0-0 0-0 7. c3 Na6 8. b4 Nc7 9. Re1 f6 10. a4 Nf7 11. h3 e5 12. b5 d5 13. dxe5 fxe5 14. Rb1 Ne6 15. bxc6 bxc6 16. Ba3 Re8 17. Kh2 Bf8 18. Bxf8 Rxf8 19. Kg1 Nf4 20. Bf1 Qf6 21. Kh2 g5 22. g3 Nxh3 23. Bxh3 Qh6 24. Ng1 g4 25. exd5 Ng5 26. Rf1 Nxh3 27. Nxh3 Rf6 28. Rh1 Rxf2+ 29. Kg1 Rxd2 30. Qe1 gxh3 31. Qxe5 Rg2+ 32. Kf1 Ba6+ 33. Ke1 Qd2# 0-1